CROWDFUNDING AND CROWDSOURCING A SOCIO LEGAL STUDY (Record no. 33231)
[ view plain ]
| 000 -LEADER | |
|---|---|
| fixed length control field | 00263nam a22001217a 4500 |
| 003 - CONTROL NUMBER IDENTIFIER | |
| control field | SGT |
| 082 ## - DEWEY DECIMAL CLASSIFICATION NUMBER | |
| Classification number | 658.15224 |
| Item number | C25S |
| 100 ## - MAIN ENTRY--PERSONAL NAME | |
| Personal name | SINGH MANVI |
| 245 ## - TITLE STATEMENT | |
| Title | CROWDFUNDING AND CROWDSOURCING A SOCIO LEGAL STUDY |
| 260 ## - PUBLICATION, DISTRIBUTION, ETC. (IMPRINT) | |
| Year of Publication | 2025 |
| 300 ## - PAGE DESCRIPTION | |
| No. of Pages | 193 |
| 942 ## - ADDED ENTRY ELEMENTS (KOHA) | |
| Source of classification or shelving scheme | Dewey Decimal Classification |
| Koha item type | Thesis/Dissertation |
| Withdrawn status | Lost status | Source of classification or shelving scheme | Damaged status | Not for loan | Home library | Current library | Date acquired | SGTU | Total Checkouts | Full call number | Accession No. (Barcode) | Date last seen | Bill Date | Koha item type |
|---|---|---|---|---|---|---|---|---|---|---|---|---|---|---|
| Dewey Decimal Classification | Not For Loan | SGT Science & Social Sciences Library | SGT Science & Social Sciences Library | 24/12/2025 | SGTU | 658.15224 C25S | DT2489 | 24/12/2025 | 24/12/2025 | Thesis/Dissertation |